fill in the lyrics - bury me in black - my chemical romance - Statistics

General Stats
  • This quiz has been taken 6 times
  • The average score is 114 of 177
Answer Stats
Answer % Correct
i
100%
(i
100%
all
80%
and
80%
be
80%
cant
80%
face
80%
happened
80%
im
80%
in
80%
last
80%
late
80%
look
80%
my
80%
night
80%
not
80%
(not
80%
see
80%
shot
80%
so
80%
so)
80%
the
80%
through
80%
to
80%
veins
80%
wanna
80%
we'll
80%
well
80%
what
80%
when
80%
you
80%
your
80%
you're
80%
bet
60%
black
60%
blood
60%
drown
60%
em
60%
empty
60%
explain
60%
eyes
60%
for
60%
fucking
60%
going
60%
inside
60%
insides
60%
just
60%
like
60%
like)
60%
lip
60%
misery
60%
on
60%
ourselves
60%
pretty
60%
pretty)
60%
said
60%
sleep
60%
tonight
60%
too
60%
up
60%
us
60%
vacant
60%
youve
60%
again
40%
alleyways
40%
been
40%
calling
40%
complain
40%
dancing
40%
dont
40%
douse
40%
drink
40%
explosive
40%
falling
40%
flame
40%
fucker
40%
give
40%
gloss
40%
had
40%
have
40%
high
40%
ive
40%
lies
40%
light
40%
lipstick
40%
much
40%
out
40%
phone
40%
pick
40%
pools
40%
purifying
40%
rain
40%
say
40%
shoes
40%
shotgun
40%
skies
40%
these
40%
this
40%
time
40%
war
40%
week
40%
white
40%
with
40%
worn
40%
cmon
20%
heart
20%
may
20%
save
20%
baby)
0%
No matching quizzes found
Score Distribution
Percent of People with Each Score
Percentile by Number Answered
Your Score History
You have not taken this quiz